| 000 | 01882nas a2200277Ia 4500 | ||
|---|---|---|---|
| 001 | R266-R6875 | ||
| 003 | IT-CnALBA | ||
| 008 | 170116c99999999xx |||||||||||| ||und|| | ||
| 040 |
_aIT-CnALBA _cIT-CnALBA |
||
| 041 | _aITALIANO | ||
| 100 | _aBERNARDI FRANCESCO | ||
| 210 | _aMISSIONI CONSOLATA | ||
| 222 | _aMISSIONI CONSOLATA | ||
| 245 | 0 | _aMISSIONI CONSOLATA. RIVISTA DELLA FAMIGLIA. GENNAIO 1994. UGANDA, UNA MOGLIE ILLUSTRE. | |
| 250 | _a1a ed. | ||
| 260 |
_a TORINO - ROMA _bMISSIONI CONSOLATA _c1994 [1° Ed.:1994 - Ed.Ling.Originale: 1994] |
||
| 300 | _a68 p. | ||
| 310 | _aMENSILE | ||
| 362 | _aFascicolo: 1 / Anno: 96 (1994) | ||
| 500 | _aLETTERA E COLLOQUIO LETTORI. ECUMENISMO GUATEMALA. ECUMENISMO EBREI. LEBBROSI IN BRASILE, UNIONE E MIRACOLI, BELLO M. FILIPPINE, FANTASIA E PROGETTI, ROGLIARDI P. ECUADOR, MISSIONARIO E CONTADINO, BAIMA A. MOZAMBICO, CAMERATA ISABEL, BELLESI B. BURUNDI, ODIO FRATRICIDA, PEROTTI F. CINA, DIVERSITÀ TRA ANTICO E MODERNO. SUDAFRICA, MANDELA, DE KLERK COPPIA INEDITA. UGANDA, VISIONE D'AFRICA CON MENTALITÀ AFRICANA. ZAIRE, PAESE ASSASSINATO. DOMENICA MISSIONARIA, CHIESA NEL MONDO. PROVOCAZIONI MISSIONARIE. | ||
| 501 | _aSocietà San Paolo EM - Piazza San Paolo, 14 - 12051 ALBA (CN) (non commercial uses only) ® Copyright 2017 | ||
| 520 | _aLETTERA E COLLOQUIO LETTORI. ECUMENISMO GUATEMALA. ECUMENISMO EBREI. LEBBROSI IN BRASILE, UNIONE E MIRACOLI, BELLO M. FILIPPINE, FANTASIA E PROGETTI, ROGLIARDI P. ECUADOR, MISSIONARIO E CONTADINO, BAIMA A. MOZAMBICO, CAMERATA ISABEL, BELLESI B. BURUNDI, ODIO FRATRICIDA, PEROTTI F. CINA, DIVERSITÀ TRA ANTICO E MODERNO. SUDAFRICA, MANDELA, DE KLERK COPPIA INEDITA. UGANDA, VISIONE D'AFRICA CON MENTALITÀ AFRICANA. ZAIRE, PAESE ASSASSINATO. DOMENICA MISSIONARIA, CHIESA NEL MONDO. PROVOCAZIONI MISSIONARIE. | ||
| 650 | _aMISSIONOLOGIA | ||
| 942 | _cCR | ||
| 957 | _71 | ||
| 999 |
_a58441 _bNO _g1 _c325468 _d325468 |
||